Normal view
MARC view
- Sheraz Ali
Entry Personal Name
001 - CONTROL NUMBER
- control field: 93288
003 - CONTROL NUMBER IDENTIFIER
- control field: NUST
005 - DATE AND TIME OF LATEST TRANSACTION
- control field: 20220706144357.0
008 - FIXED-LENGTH DATA ELEMENTS
- fixed length control field: 220706|| aca||aabn | a|a d
040 ## - CATALOGING SOURCE
- Original cataloging agency: NUST
- Transcribing agency: NUST
100 ## - HEADING--PERSONAL NAME
- Personal name: Sheraz Ali
670 ## - SOURCE DATA FOUND
- Source citation: Work cat.: (NUST)11287: Sheraz Ali, Implementation of robust topology construction algorithm for vehicular ad hoc networks, 2012
